000 00796nam a2200253Ia 4500
003 OSt
005 20221006140832.0
006 a|||||r|||| 00| 0
007 ta
008 221006b |||||||| |||| 00| 0 eng d
020 _a9780804737586
_cP40.00
024 _a745
037 _b45807, 19/02/2001, S S S
_cTextual
040 _aEASL
_cEASL
_beng
041 _2eng
_aeng
082 _aV41,6.N<-- M, P0
100 _aREED Bradly W
_9643557
245 0 _aTalons and teeth
_bCountry clerks and runners in the Qing dynasty
260 _aStanford
_bStanford University Press
_c2000
300 _a318p.
_ccm.
490 _v CEL
_aLaw, Society and culture in China
942 _hV41,6.N<-- M, P0
_cTEXL
_2CC
999 _c1068831
_d1068831